Рационализация последовательного контроля надежности; Измерительная техника; № 6

Podrobná bibliografie
Parent link:Измерительная техника=Measurement Techniques: научно-технический журнал/ Российская Федерация, Федеральное агентство по техническому регулированию и метрологии (Ростехрегулирование) (Госстандарт России).— , 1940-1941, 1955-.— 0368-1025
№ 6.— 2002.— С. 11-15
Hlavní autor: Гродзенский С. Я.
Další autoři: Домрачев В. Г.
Jazyk:ruština
Vydáno: 2002
Edice:Общие вопросы метрологии иизмерительной техники
Témata:
Médium: MixedMaterials Kapitola
KOHA link:https://koha.lib.tpu.ru/cgi-bin/koha/opac-detail.pl?biblionumber=383659

MARC

LEADER 00000naa2a2200000 4500
001 383659
005 20231101063146.0
035 |a (RuTPU)RU\TPU\prd\9543 
090 |a 383659 
100 |a 20021227a2002 k y0rusy50 ca 
101 0 |a rus 
102 |a RU 
200 1 |a Рационализация последовательного контроля надежности  |f С. Я. Гродзенский, В. Г. Домрачев 
225 1 |a Общие вопросы метрологии иизмерительной техники 
320 |a Библиогр.: 5 назв. 
461 1 |0 (RuTPU)RU\TPU\prd\1509  |x 0368-1025  |t Измерительная техника  |l Measurement Techniques  |o научно-технический журнал  |f Российская Федерация, Федеральное агентство по техническому регулированию и метрологии (Ростехрегулирование) (Госстандарт России)  |d 1940-1941, 1955- 
463 1 |0 (RuTPU)RU\TPU\prd\6153  |t № 6  |v С. 11-15  |d 2002 
610 1 |a контроль 
610 1 |a надежность 
610 1 |a рационализация 
610 1 |a промышленные изделия 
610 1 |a закон Вейбула 
610 1 |a математическое моделирование 
610 1 |a паробалические границы 
610 1 |a приемка 
610 1 |a браковка 
675 |a 621.3.019.3  |v 3 
700 1 |a Гродзенский  |b С. Я. 
701 1 |a Домрачев  |b В. Г. 
801 1 |a RU  |b 63413507  |c 20021227  |g PSBO 
801 2 |a RU  |b 63413507  |c 20121217  |g RCR 
942 |c BK